| 000 | 00790cam a2200229 4500 | ||
|---|---|---|---|
| 001 | B2255 | ||
| 008 | 090401t1989 xxu||||| |||| 00| 0 eng d | ||
| 035 | _a(Sirsi) u48968 | ||
| 041 | _aeng | ||
| 050 | _a711.52 | ||
| 090 | _aRICS 1989/17 A | ||
| 110 |
_aInstitution and College Conferences _92330 |
||
| 245 | _aEnterprise zones :gloom or boom? A property appraisal. 16 February 1989, The Barbican Centre, London | ||
| 260 |
_aLondon _bInstitution and College Conferences _c1989 |
||
| 300 | _a1 paper ; 4 other items | ||
| 350 | _a0 | ||
| 520 | _aPaper by Williams,Brian . Part of a 3-day event Property Business Show . Includes synopses of other papers,programme and notes on speakers. | ||
| 650 | _aCONFERENCE | ||
| 650 | _aFORWARD FUNDING | ||
| 942 | _n0 | ||
| 948 | _c04/03/1997 | ||
| 999 |
_c92447 _d92447 |
||